000 00899nam a2200241 a 4500
001 70933
003 BD-RjUL
005 20211209082045.0
008 170423s1988 bg a|||| |||| 000 0 ben d
020 _c: Tk. 120.00
035 _a(BD-RjUL)71147
040 _aBD-RjUL
_bben
_cBD-RjUL
_dBD-RjUL
041 _aben
082 _223
_a612.39
_bRAB 1988
100 1 _aরহমান, সৈয়দা হালিমা
_9209910
245 1 0 _aবিপাক ও পুষ্টিবিজ্ঞান /
_cসৈয়দা হালিমা রহমান
260 _aঢাকা :
_bবাংলা একাডেমী,
_c১৯৮৮ ১৩৯৫]
300 _a৩০৭ পৃ. :
_bচিত্র. ;
_c৩২ সেমি.
504 _aগ্রন্থপঞ্জি সংযুক্ত
650 _aবিপাক
_9209918
650 _aMetabolism
_9209919
942 _2ddc
_cBK
999 _c70933
_d70933